MARC details
| 000 -CABECERA |
| campo de control de longitud fija |
01980nam a22003017a 4500 |
| 003 - IDENTIFICADOR DEL NÚMERO DE CONTROL |
| campo de control |
OSt |
| 005 - FECHA Y HORA DE LA ÚLTIMA TRANSACCIÓN |
| campo de control |
20260514103943.0 |
| 008 - DATOS DE LONGITUD FIJA--INFORMACIÓN GENERAL |
| campo de control de longitud fija |
260121b |||||||| |||| 00| 0 eng d |
| 022 ## - NÚMERO INTERNACIONAL NORMALIZADO PARA PUBLICACIONES SERIADAS |
| Número Internacional Normalizado para Publicaciones Seriadas |
1558-9080 |
| 022 ## - NÚMERO INTERNACIONAL NORMALIZADO PARA PUBLICACIONES SERIADAS |
| Número Internacional Normalizado para Publicaciones Seriadas |
1943-4529 |
| 040 ## - FUENTE DE LA CATALOGACIÓN |
| Centro catalogador/agencia de origen |
TBS |
| Lengua de catalogación |
EN |
| Centro/agencia transcriptor |
TBS |
| 041 ## - CÓDIGO DE LENGUA |
| Código de lengua del texto/banda sonora o título independiente |
eng |
| 100 ## - ENTRADA PRINCIPAL--NOMBRE DE PERSONA |
| Nombre de persona |
Musacchio, Aldo |
| 9 (RLIN) |
27062 |
| Término indicativo de función/relación |
author |
| 245 ## - MENCIÓN DE TÍTULO |
| Título |
New varieties of state capitalism: Strategic and governance implications |
| Resto del título |
: strategic and governance implications |
| Mención de responsabilidad, etc. |
Aldo Musacchio, Sergio G. Lazzarini, & Ruth V. Aguilera. |
| 260 ## - PUBLICACIÓN, DISTRIBUCIÓN, ETC. |
| Nombre del editor, distribuidor, etc. |
Academy of Management Perspectives, |
| Fecha de publicación, distribución, etc. |
2015. |
| 300 ## - DESCRIPCIÓN FÍSICA |
| Extensión |
115-131 pages. |
| 362 ## - FECHAS DE PUBLICACIÓN Y/O DESIGNACIÓN SECUENCIAL |
| Fecha de publicación y/o designación secuencial |
Academy of Management perspectives, 2015-02, Vol.29 (1), p.115-131 |
| 520 ## - SUMARIO, ETC. |
| Sumario, etc. |
We analyze the new varieties of state capitalism in the 21st century and explore their implications in terms of both strategic and governance outcomes. We begin by discussing how the current theoretical perspectives conceptualize state-owned enterprises' strategic behavior. Then we introduce a stylized distinction between four broad, new varieties of state capitalism—wholly owned state-owned enterprises, the state as a majority investor, the state as a minority investor, and the state as a strategic supporter of specific sectors—and survey each type within the different theoretical perspectives. Last, we examine firm performance for each type of state capitalism relative to private firms and contingent on country-level institutional contingencies. This article contributes to existing debates on comparative capitalisms and the current role of the state. |
| 630 #0 - PUNTO DE ACCESO ADICIONAL DE MATERIA--TÍTULO UNIFORME |
| Título uniforme |
MSc International Business |
| 9 (RLIN) |
26977 |
| 650 #0 - PUNTO DE ACCESO ADICIONAL DE MATERIA--TÉRMINO DE MATERIA |
| Término de materia o nombre geográfico como elemento de entrada |
Capital market |
| Subdivisión general |
Government policy |
| 9 (RLIN) |
27063 |
| 650 #0 - PUNTO DE ACCESO ADICIONAL DE MATERIA--TÉRMINO DE MATERIA |
| Término de materia o nombre geográfico como elemento de entrada |
Economic policy |
| 9 (RLIN) |
6779 |
| 650 #0 - PUNTO DE ACCESO ADICIONAL DE MATERIA--TÉRMINO DE MATERIA |
| Término de materia o nombre geográfico como elemento de entrada |
Capitalism |
| 9 (RLIN) |
5206 |
| 650 #0 - PUNTO DE ACCESO ADICIONAL DE MATERIA--TÉRMINO DE MATERIA |
| Término de materia o nombre geográfico como elemento de entrada |
Strategic planning |
| 9 (RLIN) |
3573 |
| 700 ## - ENTRADA AGREGADA--NOMBRE PERSONAL |
| Nombre de persona |
Lazzarini, Sergio G. |
| 9 (RLIN) |
27064 |
| Término indicativo de función/relación |
author |
| 700 ## - ENTRADA AGREGADA--NOMBRE PERSONAL |
| Nombre de persona |
Aguilera, Ruth V. |
| 9 (RLIN) |
27065 |
| Término indicativo de función/relación |
author |
| 856 ## - LOCALIZACIÓN Y ACCESO ELECTRÓNICOS |
| Identificador Uniforme del Recurso |
<a href="https://research-ebsco-com.hub.tbs-education.fr/c/q5dvh4/viewer/pdf/ugcicgcxhb">https://research-ebsco-com.hub.tbs-education.fr/c/q5dvh4/viewer/pdf/ugcicgcxhb</a> |
| 942 ## - ELEMENTOS DE ENTRADA AGREGADA (KOHA) |
| Fuente del sistema de clasificación o colocación |
Clasificación de Library of Congress |